00650nam a2200205Ia 4500008004100000050001300041050001600054100002300070245012800093245002300221260003100244260001000275260001000285300001600295300002000311300001100331500005600342521002700398999001900425170504s9999 xx 000 0 und d aQA 76.5  b.Sa113 2016 aSabanal, Harold A. aCollege automated profiling system for southville international school and colleges counseling and psychological services / cHarold A. Sabanal. aLas Piñas, Philippines : bSISC, c2016. a194 pages : billustrations ; c28 cm. aIncludes bibliographical references and appendices. aInformation Technology c329743d329743